LEADER 01406nam 2200373 450 001 000006076 005 20050718115200.0 010 $a0-471-34558-X 100 $a20001123d1972----km-y0itay0103----ba 101 0 $aeng 102 $aUS 200 1 $aAnalytical chemistry of phosphorus compounds$fEdited by M. Halmann 210 $aNew York ... [etc.]$cWiley-Interscience$dc1972 215 $aX, 850 p.$cill.$d24 cm. 225 1 $aChemical analysis$v37 606 $aFosforo$xChimica Analitica 676 $a546.712$v(20. ed.)$9Chimica inorganica.Fosforo 702 1$aHalmann,$bMartin 801 0$aIT$bUniversità della Basilicata - B.I.A.$gRICA$2unimarc 912 $a000006076 996 $aAnalytical chemistry of phosphorus compounds$973944 997 $aUNIBAS BAS $aMONAGR BAS $aMONOGR BAS $aAGRARIA CAT $aGIORGIO$b01$c20001123$lBAS01$h1231 CAT $c20050601$lBAS01$h1753 CAT $abatch$b01$c20050718$lBAS01$h1049 CAT $c20050718$lBAS01$h1108 CAT $c20050718$lBAS01$h1138 CAT $c20050718$lBAS01$h1152 FMT Z30 -1$lBAS01$LBAS01$mBOOK$1BASA2$APolo Tecnico-Scientifico$2DID$BDidattica$3PTS.s1.p53.2$9ING/84525$684525$5I53093$820031007$b1$e232$f04$FPrestabile Didattica Z30 -1$lBAS01$LBAS01$mBOOK$1BASA2$APolo Tecnico-Scientifico$2DID$BDidattica$3PTS.s1.p54.2$645656$5A45656$820001123$f04$FPrestabile Didattica LEADER 01403nam 2200445 a 450 001 9910455167203321 005 20200520144314.0 010 $a0-8330-4359-5 010 $a0-585-30236-7 035 $a(CKB)111004368713880 035 $a(MiAaPQ)EBC3031488 035 $a(Au-PeEL)EBL3031488 035 $a(CaPaEBR)ebr2004599 035 $a(OCoLC)923689055 035 $a(EXLCZ)99111004368713880 100 $a19980929d1999 uy 0 101 0 $aeng 135 $aurcn||||||||| 200 00$aStress$b[electronic resource] /$fGrant N. Marshall ... [et al.] 210 $aSanta Monica, CA $cRand$d1999 215 $axxv, 118 p 225 0 $aGulf War illnesses series: a review of the scientific literature as it pertains to Gulf War illnesses ;$vv.4 300 $a"MR-1018-OSD." 300 $a"Prepared for the Office of the Secretary of Defense, National Defense Research Institute." 311 $a0-8330-2679-8 320 $aIncludes bibliographical references. 606 $aPersian Gulf syndrome 606 $aStress (Psychology) 608 $aElectronic books. 615 0$aPersian Gulf syndrome. 615 0$aStress (Psychology) 676 $a616.9/8023 701 $aMarshall$b Grant N.$f1955-$0984181 801 0$bMiAaPQ 801 1$bMiAaPQ 801 2$bMiAaPQ 906 $aBOOK 912 $a9910455167203321 996 $aStress$92247765 997 $aUNINA